Music as history in Tamilnadu / (Record no. 52655)
[ view plain ]
| 000 -LEADER | |
|---|---|
| fixed length control field | 01205nam a22002537a 4500 |
| 005 - DATE AND TIME OF LATEST TRANSACTION | |
| control field | 2011060107457.0 |
| 010 ## - LCCN (DPL NO) | |
| LC control number | ENG-102531 B-452318 |
| 020 ## - INTERNATIONAL STANDARD BOOK NUMBER | |
| International Standard Book Number | 9789380607061 |
| Terms of availability | 695.00 |
| 035 ## - SYSTEM CONTROL NUMBER | |
| System control number | EN-86064 B-452318 |
| 037 ## - SOURCE OF ACQUISITION | |
| Source of stock number/acquisition | DBAD / PUB |
| 082 ## - DEWEY DECIMAL CLASSIFICATION NUMBER | |
| Classification number | 780.95482 |
| 100 ## - MAIN ENTRY--PERSONAL NAME | |
| Personal name | Venkatasubramanian, T. K. |
| 245 ## - TITLE STATEMENT | |
| Title | Music as history in Tamilnadu / |
| Statement of responsibility, etc | by T.K. Venkatasubramanian. |
| 260 ## - PUBLICATION, DISTRIBUTION, ETC. (IMPRINT) | |
| Place of publication, distribution, etc | Delhi |
| Name of publisher, distributor, etc | Primus Books |
| Date of publication, distribution, etc | 2010 |
| 270 ## - ADDRESS | |
| Address | Virat Bhavan, Mukherjee Nagar Commercial Complex |
| City | Delhi |
| Postal code | 110009 |
| 300 ## - PHYSICAL DESCRIPTION | |
| Extent | xvi, 157 p. : |
| Dimensions | 25cm (Hb) |
| Other physical details | ill. |
| 500 ## - GENERAL NOTE | |
| General note | Includes bibliographical references and index |
| 650 ## - SUBJECT ADDED ENTRY--TOPICAL TERM | |
| Topical term or geographic name as entry element | Music |
| General subdivision | History and criticism. |
| Geographic subdivision | India |
| -- | Tamil Nadu |
| 700 ## - ADDED ENTRY--PERSONAL NAME | |
| 9 (RLIN) | 27415 |
| 942 ## - ADDED ENTRY ELEMENTS (KOHA) | |
| Institution code [OBSOLETE] | dpl |
| Item type | English Books |
| Source of classification or shelving scheme | Dewey Decimal Classification |
| Call number suffix | VEN |
| Classification part | 780.95482 |
| Withdrawn status | Lost status | Not for loan | Collection code | Home library | Current library | Date acquired | Source of acquisition | Cost, normal purchase price | Full call number | Barcode | Copy number | Cost, replacement price | Koha item type |
|---|---|---|---|---|---|---|---|---|---|---|---|---|---|
| Non-fiction | Central Library | Central Library | 09/02/2012 | Virtuous/686/14.10.11/05/15.9.2011/29.11.2011 | 695.00 | 780.95482 VEN | B-452318 | 1 | 695.00 | English Books | |||
| Not For Loan | Non-fiction | D.B.Act.Division | D.B.Act.Division | 01/06/2011 | DBAD/PUB | 695.00 | 780.95482 VEN | EN-86064 | 1 | 695.00 | English Books |
